000 01241nam a2200217Ia 4500
003 OSt
005 20210812145633.0
008 210310s1993 ck gr 000 0 spa d
040 _aCO-JMCR
_cCO-JMCR
041 0 _aeng
082 0 4 _a332.632 /
_bK889s
_223
110 2 _aKPMG Peat Marwick
_938672
245 1 0 _aSelling securities in the United States /
_cKPMG Peat Marwick ; William J. Valladares, editor
260 _aEstados Unidos :
_bKPMG,
_c1993
300 _aix, 129 páginas ;
_c28 cm.
505 0 _aU.S. Securities Laws: An Overview -- Registration of securities for public sale in the United States -- Timing and cost considerations of sales of securities in the United States -- Periodic reporting requirements for registered securities -- Accounting, auditing, and reporing considerations in SEC filings -- Major differences between U.S and certain foreign accounting principles -- Exemptions available gor relief from registrTION -- Multijurisdictional disclosure system: U.S and Canada cross-borde offering -- Foreign public companies
650 1 4 _aMercado de capitales
_916930
_zEstados Unidos
650 2 4 _aAuditorias fiscales
_zEstados Unidos
_939331
700 1 _aValladares, William J.,
_eeditor
_939350
942 _2ddc
_cBK
999 _c8318
_d8318